Analýza regulačných schopností elektrického bloku jadrovej elektrárne

Saved in:
Bibliographic Details
Main Author: Krajčíová, Katarína (Author)
Other Authors: Beláň, Anton, 1970- (Thesis advisor)
Format: Manuscript Book
Language:Slovak
Published: Bratislava : STU v Bratislave FEI, 2001
Subjects:
Tags: Add Tag
No Tags, Be the first to tag this record!

MARC

LEADER 00000ntm a22000003a 4500
001 stu73421
005 20160719164809.7
008 020129s2001------------------------slo-d
040 |a STU  |b slo 
041 0 |a slo 
100 1 |a Krajčíová, Katarína  |4 aut 
245 1 |a Analýza regulačných schopností elektrického bloku jadrovej elektrárne 
260 |a Bratislava :  |b STU v Bratislave FEI,  |c 2001 
300 |a 47 s  |c príl. 
650 7 |a Elektroenergetické a silnoprúdové inžinierstvo  |2 stusub 
700 1 |a Beláň, Anton,  |d 1970-  |4 ths  |u E020  |U FEI Fakulta elektrotechniky a informatiky  |T FEI Ústav elektroenergetiky a aplikovanej elektrotechniky  |X 2032  |U E020  |Y 548  |7 A000002032